Where in the Infinity are we?/ (Record no. 189591)

MARC details
000 -LEADER
fixed length control field 00657nam a22001937a 4500
005 - DATE AND TIME OF LATEST TRANSACTION
control field 20220907151330.0
010 ## - LCCN (DPL NO)
LC control number B-745284
020 ## - INTERNATIONAL STANDARD BOOK NUMBER
International Standard Book Number 9789390659678
Terms of availability 350.00
035 ## - SYSTEM CONTROL NUMBER
System control number B-745284
037 ## - SOURCE OF ACQUISITION
Source of stock number/acquisition Bharatiya Jnanpith
100 ## - MAIN ENTRY--PERSONAL NAME
Personal name Jain, V.K.
245 ## - TITLE STATEMENT
Title Where in the Infinity are we?/
Statement of responsibility, etc By V.K. Jain
250 ## - EDITION STATEMENT
Edition statement First
260 ## - PUBLICATION, DISTRIBUTION, ETC. (IMPRINT)
Place of publication, distribution, etc New Delhi
Name of publisher, distributor, etc Bharatiya Jnanpith
Date of publication, distribution, etc 2021
270 ## - ADDRESS
Address 18,Institutional Area,Lodi Road
City New Delhi
Postal code 110003
Telephone number 24626467, 23241619
Electronic mail address binanpith@gmail.com
300 ## - PHYSICAL DESCRIPTION
Extent xvi,151p.
Dimensions 22cm(hbk)
942 ## - ADDED ENTRY ELEMENTS (KOHA)
Source of classification or shelving scheme Dewey Decimal Classification
Item type English Books
Call number suffix JAI
Classification part 240
Holdings
Withdrawn status Lost status Not for loan Collection code Home library Current library Date acquired Source of acquisition Cost, normal purchase price Full call number Barcode Copy number Cost, replacement price Koha item type Public note
      Non-fiction Kadipur Kadipur 10/08/2022 10.8.2022/ Gift 350.00 240 JAI B-745284 1 350.00 English Books Gift

© Delhi Public Library
Hit Counter
free hit counter